[Event "Istanbul Olympiad"]
[Site "?"]
[Date "2012.08.31"]
[Round "4"]
[White "Steil Antoni, Fiona"]
[Black "Milligan, Helen"]
[Result "1-0"]
[WhiteElo "2173"]
[BlackElo "1987"]
[Annotator ",Microsoft"]
[PlyCount "87"]
[EventDate "2012.??.??"]

{I'm annotating this particular game because I think it set the seal on my
Olympiad performance this year. Round one was chaos, with a painfully long
wait outside then a confusing delay indoors. Round two was for me a hard
struggle to draw. In round three I had the disappointment of being dropped. So
this game, in round four, really needed to go well for me to get back on my
feet!} 1. e4 e5 2. Nf3 Nc6 3. Bc4 {This should have been a big surprise to me,
since in previous games (many previous games!) she had played Bc4 on move 2
with the intention of playing a Vienna-like system, or d4 on move 3 for a
Scotch. Sometimes she also essays a King's Gambit. However, there were no
games in the database with the Two Knights. Here I suspect a bit of targeted
preparation - the Two Knights is not something I have a particularly good
score with (OK let's admit it I have a rotten record with it!). In fact,
knowing what happens at Olympiads, I had expected she might try this, and had
prepared - but not well enough, as we shall see.} Nf6 4. Ng5 d5 5. exd5 Na5 6.
Bb5+ c6 7. dxc6 bxc6 8. Bd3 {Sadly, I hadn't looked at this line (to be fair,
I had spent most of my preparation time looking at Viennas, Scotches and
King's Gambits, naturally enough). I vaguely remembered some stuff - but
that's not really good enough, especially as I was now aware that she had
spent several hours preparing this just for me! Sometimes opening preparation
works on two levels - you get a good position and you destroy your opponent's
confidence...} h6 {Although this is an obvious move and often played, it is
already a slight error, as the knight is just being pushed where it wants to
go. Better to leave it there and get on right away with activating the black
pieces.} 9. Ne4 Nd5 {It's important not to swap anything, at least until we've
won back the stray pawn!} 10. O-O Be7 {Having let the knight take up residence
on e4, I might be better advised to play ...g6 and put the bishop on g7, since
its natural squares (d6 or c5) are out of bounds.} 11. Re1 O-O 12. Nbc3 {
We leave theory! Apparently Fressinet-Bacrot 2011 reached the position after
move 11 but Fressinet now played 12.Ng3 (and won).} Nf4 13. Bf1 Qc7 14. d3 f5
15. Ng3 Nb7 {Not a very good move. The knight on f4 is more of a liability
than an active piece and should probably have been retreated.} 16. d4 $1 {
Exploiting the position of my knight. This is not how the Two Knights is
supposed to go - it should be Black who has easy developmentandactivepieces!}
Bd6 17. dxe5 Bxe5 18. Qf3 Ng6 19. Bc4+ Kh7 20. Bd2 Nd6 {I'm trying very hard
to get things back into the action, but with so many of my pieces undeveloped
or offside, it is not looking healthy for Black.} 21. Bd3 {It might be better
on b3. I think she is looking at winning material rather than winning the game.
} Rb8 22. Rab1 Bd7 23. b3 {
Moving the rook and the pawn? That has to be slowing White down...} Rbe8 24.
Nf1 {Another backward move, and this one really is bad. All Black's pieces are
in the centre now and all we have to do is forget we're a pawn down and go for
the throat.} Rf6 {...but this is not the best way to do it! Better is} (24...
Ne4 25. Bxe4 fxe4 26. Qe3 Bf5 $14) 25. Na4 {
This doesn't really make sense either. Another tempo to the good guys...} Ne4
26. g3 {Really not good! Over the last few moves White has just played
uncoordinated and random moves, without a plan so far as I can see. Meanwhile
I do have a plan, which is to threaten as many things as possible.} c5 27. Be3
Bxa4 $2 {Unfortunately I was now getting very nervous. This was played with
the intention of (effectively) getting my pawn back by wrecking hers. But that
is a very unambitious, scaredy-cat plan. Two moves that continue to threaten
are} (27... Bc6 {or}) (27... c4) 28. bxa4 Bc3 29. Bb5 {We're still doing fine
here but it takes a bit of positional understanding to appreciate that the
rook should stay on the e-file. ...Re7 would have been good.} Rd8 30. Red1 Ne5
31. Qg2 Bd4 32. Re1 Nc3 33. Rb3 Ng4 {
Not a good idea. Keep up the threats! Better would have been} (33... c4 {
with a possible continuation then being} 34. Bxd4 cxb3 35. Bxe5 Qxe5 $1 {
Yes, I did consider this, but didn't look carefully enough at what my c-pawn
was doing!} 36. Rxe5 bxc2 37. Qb7 c1=Q 38. Re7 $11) 34. Bxd4 cxd4 35. Bd3 Ne5
36. Rb7 {If I'd put the rook on e7 then this would not be possible...} Qc5 {
I'm really starting to lose the thread now. Not so much time pressure, but
definitely a bit of tiredness compounded by a lack of confidence - with that
rook on b7 I was thinking I'd really messed it up.} 37. Nd2 Nxd3 38. cxd3 Rb6
$4 {And a blunder. The f-pawn needed to keep its protector.} (38... Nd5 $14)
39. Ree7 Rg8 40. Qf3 Ra6 $4 {Black can grovel onwards with} (40... Rxb7 41.
Qxb7 $16 {but it's not looking good!}) 41. Rbc7 {Now it's just catastrophic.}
Qa5 42. Nc4 Qxa4 43. Qxf5+ Kh8 44. Ne5 {So, in the end a bad loss, and a
thoroughly discouraging start to the event. The pattern of being
out-manoeuvred in preparation, and therefore psyched out, and therefore
playing insufficiently aggressively, then continued for the rest of the event!}
1-0

[Event "2012 World Chess Olympiad"]
[Site "Istanbul, Turkey"]
[Date "2012.08.30"]
[Round "4"]
[White "Gao, Judy (NZL)"]
[Black "Boyard, Marie (LUX)"]
[Result "1/2-1/2"]
[WhiteElo "1949"]
[BlackElo "2035"]
[Annotator "Gao,Judy"]
[PlyCount "77"]
[EventDate "2012.08.29"]
[SourceDate "2012.08.30"]

1. c4 {Surprise, surprise...not the London! :D} Nf6 2. Nc3 d6 3. g3 e5 4. Bg2
Be7 5. d3 Nbd7 6. Rb1 {With the plan of a pawn storm on the queenside.} a5 7.
a3 O-O 8. Nf3 Ne8 9. O-O c6 10. b4 axb4 11. axb4 f5 12. e3 g5 13. b5 Qc7 {
I like my position here. It was under control as she couldn't break open in
the centre.} 14. Re1 {The knight manoeuvre Nf3-e1-c2-b4 may have been a better
plan. It puts pressure on c6 and if she plays c5, I get the d5 square.} Ng7 15.
Bb2 g4 16. Nd2 Nc5 17. Qe2 Bf6 18. bxc6 bxc6 19. Ba1 $6 {I wanted to open the
file for my rook but this was too passive and slow. 19.d4 straight away would
have been better.} Re8 20. Nb3 Nce6 21. Qd2 Bg5 22. Qd1 $6 {Hmmm...my queen
went in a triangle. I don't know why I played that. I guess I wanted to
encourage Bg5 to get it off the long diagonal.} h5 $2 {
She gave me the opportunity to open my game up with d4!} 23. d4 f4 24. dxe5
dxe5 25. Nb5 cxb5 (25... Qb6 26. Nd6 fxe3 27. fxe3 Bxe3+ 28. Kh1 Rd8 29. Bxe5
$16) 26. Bxa8 bxc4 27. exf4 exf4 28. Nd4 fxg3 29. hxg3 Rd8 30. Nxe6 Bxe6 31.
Qa4 c3 32. Rb7 Qc5 $2 33. Rb5 Qf8 $2 34. Rxg5 Rxa8 35. Qd4 {
35. Qc6 would have been an easier win, forking the rook and bishop.} Qe7 36.
Rg6 Qf7 37. Rg5 (37. Rexe6 Rxa1+ 38. Kh2 $18) 37... Qe7 38. Rg6 Qf7 39. Rg5 {
Yes, it's three-fold repetition...and no, it was not intended! I was short on
time and went into panic mode! Otherwise, 39. Rexe6 would be winning.} 1/2-1/2

[Event "120th New Zealand Championship"]
[Site "Wellington"]
[Date "2012.12.31"]
[Round "1.1"]
[White "Ker, Anthony"]
[Black "Nijman, Brian"]
[Result "0-1"]
[WhiteElo "2452"]
[BlackElo "2154"]
[PlyCount "56"]
[EventDate "2012.12.31"]
[EventType "swiss"]
[EventRounds "11"]
[EventCountry "NZL"]

1. e4 e6 2. d4 d5 3. e5 c5 4. c3 Qb6 5. Nf3 Bd7 {I tried the same thing
against Anthony Ker last time I played him. I lost in the end, but for a while
I was doing ok. The idea is to exchange the rubbish white squared bishop} 6. a3
Ne7 7. b4 cxd4 8. cxd4 Bb5 9. Bxb5+ Qxb5 10. Nc3 Qd7 11. O-O Nbc6 12. Bb2 Nc8
13. Na4 Nb6 14. Nc5 (14. Nxb6 {is better, weakening black's pawns and
exchanging off black's potentially powerful knight} axb6 15. Qd3 {etc}) 14...
Bxc5 15. dxc5 Nc4 16. Qb3 O-O 17. Rad1 Qc7 18. Rfe1 a5 $1 19. Nd2 {
leaves white a pawn down already} (19. b5 Ne7 {
leaves white struggling to defend c5}) (19. Bc3 {may be better}) 19... Nxb2 20.
Qxb2 axb4 21. axb4 Ra4 $1 22. b5 Rb4 $1 {
Brian consistently finds the best moves!} 23. Qc3 Rxb5 24. Nb3 Na5 25. Nxa5
Rxc5 26. Qb4 Qxa5 27. Qxb7 Rc2 28. Rc1 $4 {
A blunder! Completely missing black's next move} (28. g3 {
keeps white in the game, a pawn down}) 28... Qd2 $1 0-1

[Event "120th New Zealand Championship"]
[Site "Wellington"]
[Date "2012.12.31"]
[Round "1.2"]
[White "Goodhue, Nathan"]
[Black "Hague, Ben"]
[Result "0-1"]
[WhiteElo "2146"]
[BlackElo "2430"]
[PlyCount "94"]
[EventDate "2012.12.31"]
[EventType "swiss"]
[EventRounds "11"]
[EventCountry "NZL"]

1. b3 e5 2. Bb2 Nc6 3. e3 d5 4. Ne2 $6 {
White gets an uncomfortable position out of this unusual opening play} Be6 5.
d4 f6 6. Nd2 Nh6 7. Ng3 Bd6 8. Bb5 O-O 9. Bxc6 bxc6 10. dxe5 fxe5 11. f3 e4 12.
f4 $2 {black can now exploit white's terrible weaknesses} Bg4 13. Qc1 Bc5 14.
Ba3 $2 (14. Ndf1 {
is grovelling, but better - white didn't see black's excellent next move})
14... Bxe3 $1 {bishops to die for!} 15. Bxf8 Qxf8 16. Rf1 Qf6 (16... Bxf4 17.
Ne2 Bxe2 18. Kxe2 Qf5 {is better}) 17. c3 Qh4 $6 18. Nf3 $1 {
good defending by Nathan} Bxf3 (18... exf3 19. Qxe3 fxg2 20. Rg1 Nf5 21. Qe6+
Kh8 22. Kd2 $17) 19. Qxe3 Ng4 (19... Bxg2 20. Rg1 Bf3 21. Qd4) 20. Qg1 Nxh2 21.
gxf3 Nxf3+ 22. Rxf3 exf3 23. O-O-O Qxf4+ {Black has emerged from the
complications with four pawns for the knight, but the one on f3 looks
particularly strong} 24. Kb2 f2 25. Qg2 Re8 26. Rf1 Re3 27. Nh5 Re2+ 28. Ka3
Qd6+ 29. b4 Qe5 30. Qh3 h6 {
the queen is overworked defending c3 and h5, the knight has to be sacrificed}
31. Nxg7 {at least white gets a few checks out of this} Kxg7 32. Qd7+ Kf6 33.
Qxc6+ Kg5 34. Qc5 Kg4 (34... Qe6 $1 35. Qxc7 (35. Rxf2 $2 Qa6+ 36. Qa5 Qxa5+
37. bxa5 Rxf2) 35... Qa6+ 36. Qa5 Qxa5+ 37. bxa5 Kg4 {wins}) 35. Rxf2 Rxf2 36.
Qxf2 Qxc3+ 37. Ka4 d4 38. Qg2+ Kf4 39. Qf2+ Ke4 40. Qe2+ Qe3 41. Qg2+ Kd3 42.
Kb3 Qe2 43. Qg6+ Kd2 44. Qc2+ Ke1 45. Qxc7 Qe3+ 46. Kb2 d3 47. Qc3+ $4 Qd2+ 0-1

[Event "120th New Zealand Championship"]
[Site "Wellington"]
[Date "2013.01.01"]
[Round "2.1"]
[White "Hague, Ben"]
[Black "Steadman, Michael"]
[Result "1-0"]
[WhiteElo "2430"]
[BlackElo "2271"]
[PlyCount "47"]
[EventDate "2012.12.31"]
[EventType "swiss"]
[EventRounds "11"]
[EventCountry "NZL"]

1. d4 e6 2. Nf3 f5 3. Bf4 Nf6 4. e3 b6 5. Nbd2 Bb7 6. Bd3 Be7 7. h3 c5 8. g4 $5
Ne4 (8... fxg4 9. hxg4 Nxg4 10. Bg6+ Kf8 11. Ne4 {looks interesting}) 9. Rg1 g6
10. gxf5 exf5 11. Ne5 cxd4 12. Nxe4 fxe4 13. Bc4 Rf8 14. Qxd4 Bc5 15. Qc3 Nc6
16. O-O-O Nxe5 17. Qxe5+ Qe7 18. Qc7 Bc6 $2 (18... d6 19. Bb5+ Kf7 20. Bxd6
Bxd6 21. Qxd6 Qxd6 22. Rxd6 Rad8) 19. Rg5 $1 Qd8 20. Re5+ Be7 21. Qd6 Rf5 22.
Rxf5 $1 {An absolutely sound queen sacrifice!} Bxd6 23. Bxd6 {Black resigned,
as to avoid mate on f8 black has to give up a heap of material, or if} gxf5 24.
Rg1 1-0

[Event "120th New Zealand Championship"]
[Site "Wellington"]
[Date "2013.01.01"]
[Round "2.5"]
[White "Forster, William"]
[Black "Van Der Hoorn, Mark"]
[Result "1-0"]
[WhiteElo "2078"]
[BlackElo "2165"]
[PlyCount "79"]
[EventDate "2012.12.31"]
[EventType "swiss"]
[EventRounds "11"]
[EventCountry "NZL"]

1. Nf3 d5 2. b3 c5 3. Bb2 Nc6 4. e3 Bg4 5. h3 Bh5 6. Be2 Nf6 7. d4 Bxf3 8. Bxf3
cxd4 9. exd4 e6 10. O-O Bd6 11. c4 O-O 12. Nc3 dxc4 13. d5 exd5 14. Nxd5 Ne5
15. Nxf6+ Qxf6 16. Bxb7 Rab8 17. Bd5 Rfd8 18. Qe2 Qf4 19. g3 Qf5 20. bxc4 Nd3
21. Bd4 Nf4 $6 {you can see how this would have been tempting, but in actual
fact it is not enough, and Bill now keeps calm and defends superbly} 22. gxf4
Qxf4 23. Rfd1 Qh2+ 24. Kf1 Bc5 (24... Qxh3+ 25. Bg2 {leads to nothing}) 25. Qf3
({of course not} 25. Bxc5 $2 Rxd5 $1) 25... Bxd4 26. Rxd4 Qe5 27. Rad1 ({
white can also play} 27. Bxf7+ Kh8 28. Rxd8+ Rxd8 29. Re1 Qc7 30. Qd5 {
etc, although it's a bit scarier}) 27... Kh8 28. Re4 Qg5 29. Rg4 Qe5 30. Re1
Qb2 31. Rf4 Qxa2 32. Rxf7 Qc2 33. Qg3 ({or, slightly hard to spot,} 33. Rxg7 $1
Kxg7 34. Re7+ Kh6 35. Qf4+ Kg6 36. Re6+ Kg7 37. Qf6+ Kg8 38. Re8#) 33... Qb2
34. Ree7 Qa1+ 35. Kg2 Rg8 36. Rxa7 Qd4 37. Rfe7 Rbe8 38. Bxg8 Rxe7 39. Rxe7 Qd8
{Mark opts for hara kiri} 40. Qxg7# 1-0

[Event "120th New Zealand Championship"]
[Site "Wellington"]
[Date "2013.01.04"]
[Round "5.2"]
[White "Wastney, Scott"]
[Black "Russell, Athula"]
[Result "1-0"]
[WhiteElo "2381"]
[BlackElo "2274"]
[PlyCount "45"]
[EventDate "2012.12.31"]
[EventType "swiss"]
[EventRounds "11"]
[EventCountry "NZL"]

1. e4 c6 2. d4 d5 3. Nd2 dxe4 4. Nxe4 Bf5 5. Ng3 Bg6 6. h4 h6 7. Nh3 Nf6 8. Nf4
Bh7 9. Bc4 e6 10. O-O Nd5 11. Re1 Nxf4 12. Bxf4 Qxh4 13. Nh5 $1 Bg6 (13... Nd7
14. d5 Bc5 15. Nxg7+ Kf8 16. Nxe6+ fxe6 17. g3 {
an interesting line dreamt up by the computer}) 14. d5 $1 {
Black is going to regret having his king still in the centre} Bxh5 15. dxe6 $1
{Brilliant and absolutely sound.} Be7 ({Taking the queen also loses} 15... Bxd1
16. exf7+ Kd7 17. Raxd1+ Bd6 (17... Kc8 18. Re8+) 18. Rxd6+ Kc7 19. Rxh6+ $1
Qxf4 20. Rxh8 Nd7 21. Rxa8 Qxc4 22. Re7 $1 {and the pawn queens}) 16. exf7+
Bxf7 17. Bd6 ({The computer finds} 17. g3 Qf6 18. Bd6 Bxc4 19. Bxe7 Qxe7 20.
Qg4 $1 {threatening Qxc4 and Qc8, and the queen of course}) 17... Bxc4 18.
Rxe7+ Qxe7 19. Bxe7 Kxe7 20. Qd4 {[Ed. This reminds me of the famous double
bishop sacrifice game Lasker-Bauer from the 19th century. Black breaks the
attack by giving up the queen for apparently sufficient material, only for a
queen fork to reap much more material for White]} Nd7 21. Qxc4 Nb6 22. Re1+ Kd7
23. Qf7+ 1-0

[Event "120th New Zealand Championship"]
[Site "Wellington"]
[Date "2013.01.04"]
[Round "5.9"]
[White "Van Der Hoorn, Mark"]
[Black "Milligan, Helen"]
[Result "1-0"]
[WhiteElo "2165"]
[BlackElo "2082"]
[PlyCount "77"]
[EventDate "2012.12.31"]
[EventType "swiss"]
[EventRounds "11"]
[EventCountry "NZL"]

1. e4 e5 2. Ne2 $6 {This has surprise value, if nothing else} Nf6 3. f4 d6 4.
Nbc3 Nc6 5. d4 Be7 6. d5 Nb8 7. f5 c6 8. Ng3 Nbd7 9. Be2 Nb6 10. O-O Bd7 11. a4
a5 12. Be3 Rc8 13. Nh5 Nxh5 14. Bxh5 Nc4 15. Bc1 Bf6 16. Kh1 c5 $6 {I would hav
e thought it was better to retain the opportunity to break up the pawn chain.
White now keeps a firm grip on the centre} 17. Qe2 Nb6 18. Bd2 Ra8 19. b3 Nc8
20. Qf2 Na7 21. Be2 h6 22. Bd3 Bg5 23. Be1 Bf6 24. Qe2 Kf8 $6 {Black's cramped
position makes it difficult to come up with a good plan, this doesn't seem to
be the right answer.} 25. Nd1 Qe8 26. Bxa5 Bd8 27. Bc3 Kg8 28. Ne3 Nc8 29. Bb5
Kh7 30. Bd2 Bg5 31. Bxd7 Qxd7 32. f6 $1 g6 33. Rf3 b5 34. Nf5 $1 {
Flashy and quite good} gxf5 (34... Bxd2 $2 35. Qxd2 g5 36. Nxh6 $1 Kxh6 37.
Rh3+ {etc}) 35. Bxg5 fxe4 $2 (35... Kg8 36. Rh3 Kf8 {is more resilient}) 36.
Rg3 Qf5 37. Qh5 Qg6 38. Bh4 $1 {Illustrating the point of White's combination}
Qxh5 $2 {But black was lost anyway} 39. Rg7# 1-0

[Event "120th New Zealand Championship"]
[Site "Wellington"]
[Date "2013.01.05"]
[Round "6.4"]
[White "Hague, Ben"]
[Black "Ker, Anthony"]
[Result "1-0"]
[WhiteElo "2430"]
[BlackElo "2452"]
[PlyCount "67"]
[EventDate "2012.12.31"]
[EventType "swiss"]
[EventRounds "11"]
[EventCountry "NZL"]

1. d4 d6 2. Nf3 g6 3. e4 Nf6 4. Nc3 Bg7 5. Be3 c6 6. Qd2 b5 7. Bd3 Nbd7 8. h3
O-O 9. a4 b4 10. Ne2 Rb8 11. O-O Qc7 12. c3 bxc3 13. bxc3 c5 14. Ng3 e6 15.
Rfe1 Re8 16. Bh6 Bh8 17. h4 Qa5 18. e5 Nd5 (18... dxe5 19. dxe5 Ng4 20. Bg5 c4
$1 21. Bxc4 Ngxe5 {gets black out of his difficulties}) 19. Qg5 $6 (19. exd6
Qxc3 20. Qxc3 Nxc3 21. Ne5 cxd4 22. Nc6 {is rather an interesting position})
19... Qxc3 20. Rad1 dxe5 21. dxe5 c4 (21... Nxe5 22. Nxe5 Bf6 $1 {
Recovering the piece is an interesting computer resource}) 22. Bxg6 $5 {
Not necessarily sound, but very difficult to defend against. Anthony makes a
living successfully eating sacrifices in these Pirc positions, but not today.}
hxg6 {Maybe it is better to take with f pawn} (22... fxg6 23. Ne4 Qb4 24. h5
Qe7 25. Qg4 Nf8 {unclear}) 23. h5 Nf8 24. Ne4 Qb4 25. hxg6 Nxg6 26. Rxd5 $1 Qe7
(26... exd5 27. Nf6+ Bxf6 28. Qxf6 Qf8 29. Bxf8 {white has enough to win}) 27.
Nf6+ Bxf6 28. exf6 Qb4 29. Rde5 c3 {black is utterly lost now} 30. R5e4 Qd6 31.
Ne5 Kh7 32. Rh4 ({faster is} 32. Nxg6 fxg6 33. Bf8 {and mate follows shortly})
32... Rb4 33. Nxg6 fxg6 34. Bf8+ 1-0

[Event "120th New Zealand Championship"]
[Site "Wellington"]
[Date "2013.01.06"]
[Round "7.1"]
[White "Wastney, Scott"]
[Black "Smith, Robert"]
[Result "1-0"]
[WhiteElo "2381"]
[BlackElo "2321"]
[PlyCount "51"]
[EventDate "2012.12.31"]
[EventType "swiss"]
[EventRounds "11"]
[EventCountry "NZL"]

1. e4 c5 2. Nf3 d6 3. d4 cxd4 4. Nxd4 Nf6 5. Nc3 a6 6. a4 e6 7. Be2 Be7 8. O-O
Nc6 9. f4 O-O 10. Be3 Qc7 11. Qe1 Nxd4 12. Bxd4 e5 13. Be3 exf4 14. Bxf4 Be6
15. Qg3 Rfd8 16. Rad1 Rac8 17. Kh1 Qb6 18. Be3 Qa5 (18... Qxb2 19. Bd4 Qxc2 20.
Rxf6 $1 Rxc3 $1 {looks ok for black}) 19. Bd4 Ne8 20. Nd5 Bxd5 21. exd5 Rxc2 $6
{seems to be a mistake, because of white's next move} 22. Bd3 Rcc8 $2 {
not easy to spot, but} (22... Rc7 {better, to keep an eye on f7}) 23. Rde1 (23.
Bxh7+ $1 Kxh7 (23... Kf8 24. Bxg7+ $1 Nxg7 25. Rxf7+ $3 Kxf7 26. Qg6+ Kf8 27.
Rf1+ {would have been a spectacular finish!}) 24. Rxf7 Bf6 25. Bxf6 Rc7 26.
Rxc7 Qxc7 27. Qh4+ Kg8 28. Bxd8) 23... Qxd5 24. Rxe7 Qxd4 25. Rexf7 Nc7 26. Qh3
$1 1-0

[Event "120th New Zealand Championship"]
[Site "Wellington"]
[Date "2013.01.08"]
[Round "9.5"]
[White "Nijman, Brian"]
[Black "Steadman, Michael"]
[Result "1-0"]
[WhiteElo "2154"]
[BlackElo "2271"]
[Annotator "Bruce"]
[PlyCount "73"]
[EventDate "2012.12.31"]
[EventType "swiss"]
[EventRounds "11"]
[EventCountry "NZL"]

1. e4 e6 2. Nf3 d5 3. Nc3 Nc6 4. d4 Nf6 5. Bg5 Be7 6. e5 Ne4 7. Bxe7 Qxe7 8. a3
f5 9. exf6 Qxf6 10. Qd3 Nd6 11. O-O-O Bd7 12. Qd2 a6 13. Ne5 Nf5 14. Nxc6 Bxc6
15. g3 O-O-O 16. f4 Kb8 17. Bh3 Nd6 18. Rhe1 Nc4 19. Qf2 Rd6 20. Bf1 Nb6 21.
Qe3 Be8 22. Bd3 h6 23. h4 Bh5 24. Rd2 Bg4 25. Rf2 Rf8 26. Ref1 Nd7 27. Ne2 c5
28. c3 Rc6 29. dxc5 Bxe2 30. Rxe2 e5 31. Kb1 e4 $6 {
This looks good, but actually leaves weakened pawns as a target} 32. Bc2 Nxc5
33. Rd1 $1 Rd8 34. Red2 Qf5 35. b4 Nd3 (35... Ne6 36. Bxe4 Qxe4+ 37. Qxe4 dxe4
38. Rxd8+ Nxd8 39. Rxd8+ Kc7 40. Rg8 {slight advantage to white}) 36. Bxd3 Rxc3
$4 {A hallucination presumably!} 37. Bxe4 $1 1-0

[Event "120th New Zealand Championship"]
[Site "Wellington"]
[Date "2013.01.09"]
[Round "10.2"]
[White "Russell, Athula"]
[Black "Hague, Ben"]
[Result "1-0"]
[WhiteElo "2274"]
[BlackElo "2430"]
[PlyCount "45"]
[EventDate "2012.12.31"]
[EventType "swiss"]
[EventRounds "11"]
[EventCountry "NZL"]

1. d4 d5 2. c4 c6 3. Nc3 dxc4 4. e4 b5 5. a4 b4 6. Nce2 e6 7. Nf3 Nf6 8. Ng3
Ba6 9. Bg5 Qa5 10. Rc1 c3 (10... b3+ 11. Bd2 Qxa4 12. Ra1 Qb5 13. Rc1 Qa4 14.
Ra1 {is a draw by repetition!}) 11. Bxa6 Qxa6 {
White's position looks precarious, but it all holds together} 12. bxc3 bxc3 13.
Bxf6 gxf6 14. Ne2 Ba3 15. Rc2 Qxa4 16. O-O (16. Nxc3 Bb4 17. O-O Bxc3 18. Rxc3
Qxd1 19. Rxd1 {is also playable}) 16... Bb4 17. Qc1 a5 18. Nxc3 Qa3 (18... Bxc3
19. Rxc3 Nd7 20. Rxc6 O-O {better for white}) (18... Qb3 19. d5 $1) 19. Qb1 $1
Bxc3 20. Qb7 O-O 21. Qxa8 Qb3 22. Rfc1 Bb2 $2 (22... Bb4 {
keeps himself in the game, just}) 23. Nd2 $1 {winning the bishop} 1-0